LEADER 00976nam a2200229 i 4500 001 991003601129707536 008 035 $ab1435827x-39ule_inst 040 $aBibl. Dip.le Aggr. DiSTeBA - Sez. Biologia$beng 082 0 $a914.96$222 100 1 $aParenzan, Pietro$084983 245 12$aIn Shqipnia :$bin Albania attraverso la Dalmazia :$bdiario della spedizione scientifica promossa dall'Istituto zoologico della R. Universita di Padova /$cPietro Parenzan 264 1$aPadova :$bGruppo universitario fascista,$c1930 300 $a94 p. :$bill. ;$c25 cm 500 $aIncludes appendix 650 4$aGeography$xTravel$zAlbania 907 $a.b1435827x$b30-01-19$c30-01-19 912 $a991003601129707536 945 $aLE003 Fondo Parenzan 914 PAR1 (1930) (Arm. 25)$g1$lle003$op$pE0.00$q-$rl$s- $t0$u0$v0$w0$x0$y.i15875052$z30-01-19 996 $aShqipnia$91749557 997 $aUNISALENTO 998 $ale003$b30-01-19$cm$da $e $fita$git $h2$i0